| Tag |
First Indicator |
Second Indicator |
Subfields |
| LEADER |
00000cam a2200000 a 4500 |
| 001 |
in00000017402 |
| 005 |
20240319143957.0 |
| 008 |
980217muuuu1987ja a 000 0 eng |
| 010 |
|
|
|a 98116429
|
| 019 |
|
|
|a 17782682
|
| 020 |
|
|
|a 4766104374
|
| 020 |
|
|
|a 9784766104370
|
| 020 |
|
|
|a 4766104366
|q (v. 1)
|
| 020 |
|
|
|a 9784766104363
|q (v. 1)
|
| 020 |
|
|
|a 4766104382
|q (v. 3)
|
| 020 |
|
|
|a 9784766104387
|q (v. 3)
|
| 029 |
1 |
|
|a AU@
|b 000005693729
|
| 029 |
1 |
|
|a AU@
|b 000022050298
|
| 029 |
1 |
|
|a YDXCP
|b 1398712
|
| 029 |
1 |
|
|a AU@
|b 000076124805
|
| 035 |
|
|
|a (OCoLC)ocm39051499
|
| 035 |
|
|
|a (OCoLC)39051499
|z (OCoLC)17782682
|
| 035 |
|
|
|a (OCoLC)ocm39051499
|
| 040 |
|
|
|a DLC
|b eng
|c DLC
|d OCLCQ
|d BAKER
|d YDXCP
|d NED
|d OCLCO
|d OCLCF
|d OCLCQ
|d CIA
|d IPL
|d OCLCQ
|d OCLCO
|d OCLCL
|
| 041 |
0 |
|
|a eng
|a jpn
|
| 043 |
|
|
|a n-us---
|
| 050 |
0 |
0 |
|a HF6105.U6
|b A17 1987
|
| 082 |
0 |
0 |
|a 659.13/2
|2 21
|
| 245 |
0 |
0 |
|a '50s American magazine ads. /
|c [edited by Yasutoshi Ikuta].
|
| 246 |
3 |
|
|a Fifties American magazine ads
|
| 246 |
3 |
|
|a American magazine ads
|
| 246 |
1 |
|
|i Colophon title in Japanese:
|a Zasshi kōkoku mi miru Amerikan Gurafitì
|
| 260 |
|
|
|a Tokyo, Japan :
|b Graphic-sha Pub.,
|c -©1987.
|
| 300 |
|
|
|a volumes <2-3> :
|b chiefly illustrations (some color) ;
|c 30 cm
|
| 336 |
|
|
|a text
|b txt
|2 rdacontent
|
| 337 |
|
|
|a unmediated
|b n
|2 rdamedia
|
| 338 |
|
|
|a volume
|b nc
|2 rdacarrier
|
| 546 |
|
|
|a English and Japanese.
|
| 505 |
0 |
|
|a v. 1. Automobiles -- v. 2. Fashion apparel -- v. 3. Variety.
|
| 650 |
|
0 |
|a Advertising, Magazine
|z United States
|x History
|v Pictorial works.
|
| 650 |
|
6 |
|a Publicité dans les magazines
|z États-Unis
|x Histoire
|v Ouvrages illustrés.
|
| 650 |
|
7 |
|a Advertising, Magazine.
|2 fast
|0 (OCoLC)fst00797929
|
| 651 |
|
7 |
|a United States.
|2 fast
|0 (OCoLC)fst01204155
|1 https://id.oclc.org/worldcat/entity/E39PBJtxgQXMWqmjMjjwXRHgrq
|
| 655 |
|
7 |
|a History.
|2 fast
|0 (OCoLC)fst01411628
|
| 655 |
|
7 |
|a Pictorial works.
|2 fast
|0 (OCoLC)fst01423874
|
| 700 |
1 |
|
|a Ikuta, Yasutoshi.
|
| 758 |
|
|
|i has work:
|a '50s American magazine ads Selection 4 (Text)
|1 https://id.oclc.org/worldcat/entity/E39PCYVmGRwcwHHqhFdhY7fRmm
|4 https://id.oclc.org/worldcat/ontology/hasWork
|
| 776 |
0 |
8 |
|i Online version:
|t '50s American magazine ads.
|d Tokyo, Japan : Graphic-sha Pub., -©1987
|w (OCoLC)691185139
|
| 938 |
|
|
|a Baker & Taylor
|b BKTY
|c 39.95
|d 29.96
|i 4766104374
|n 0003064914
|s active
|
| 938 |
|
|
|a YBP Library Services
|b YANK
|n 1398712
|
| 938 |
|
|
|a YBP Library Services
|b YANK
|n 1434196
|
| 948 |
|
|
|h HELD BY TXA - 60 OTHER HOLDINGS
|
| 994 |
|
|
|a Z0
|b TXA
|
| 999 |
f |
f |
|s 3b5a65a1-ec86-3704-93af-c6d12662dc8c
|i 454871fc-7528-37b6-976f-a67ec1cff62f
|t 0
|
| 952 |
f |
f |
|p ric
|a Texas A&M University
|b Rellis Campus
|c Joint Library Facility
|s JLF
|d Remote Storage
|t 0
|e HF5813.U6 F54 1987
|h Library of Congress classification
|i unmediated -- volume
|k v.3
|m A14813752786
|
| 952 |
f |
f |
|p ric
|a Texas A&M University
|b Rellis Campus
|c Joint Library Facility
|s JLF
|d Remote Storage
|t 0
|e HF5813.U6 F54 1987
|h Library of Congress classification
|i unmediated -- volume
|k v.2
|m A14811103787
|
| 952 |
f |
f |
|p ric
|a Texas A&M University
|b Rellis Campus
|c Joint Library Facility
|s JLF
|d Remote Storage
|t 0
|e HF5813.U6 F54 1987
|h Library of Congress classification
|i unmediated -- volume
|k v.1
|m A14811103737
|